| 000 | 01323nab a2200241 i 4500 | ||
|---|---|---|---|
| 001 | 768714001 | ||
| 003 | CO-MdFUSB | ||
| 005 | 20240531102153.0 | ||
| 008 | 240531t1975 ag ||||| |||| 00| 0 spa d | ||
| 040 |
_bspa _cCO-MdFUSB _dCO-MdFUSB |
||
| 041 | _aspa | ||
| 100 |
_aStewart, Mary, _d1919-1995 _eautor |
||
| 245 |
_aLiberación Sexual _c/ Mary Stewart |
||
| 520 | _aPercepción de la psicóloga Mary Stewart sobre la sexualidad. Expone que ya sea que estés casado o soltero, hombre o mujer, gay o heterosexual, "donde esté tu sexualidad, allí estará tu corazón". Si nuestra sexualidad es una forma de esclavitud, obsesión, sed o eterna determina hasta qué punto hemos entregado todos nuestros deberes, talentos y debilidades a Dios. Por otro lado, señala que la complejidad de las fantasías sexuales o la fidelidad con la que nos adherimos a guiones estereotipados etiquetados como "masculinos" y "femenino". | ||
| 650 | 7 |
_aHombres _xConducta sexual _97142 |
|
| 650 | 0 |
_aSexo _91346 |
|
| 650 | 0 |
_aFeministas _91011 |
|
| 650 | 0 |
_aVida cristiana _919 |
|
| 650 | 7 |
_aDios _9178 |
|
| 773 | 0 |
_069974 _982717 _dBuenos Aires _oR2609 _tCerteza _w(CO-MdFUSB)768714001 _gNúmero 59, (julio - septiembre, 1975) páginas: 68 - 73 _qpágina: 68 |
|
| 942 | _cANA | ||
| 945 | _aCatherine Arias Álvarez - Practicante SENA | ||
| 999 |
_c70019 _d70019 |
||